000
00236nam a2200097Ia 4500
001
684909
005
20250826161507.0
008
250824s9999 xx 000 0 und d
245
0
_a
SARI SİYAH
_c
AHMET ŞERİF İZGÖREN
260
_b
ELMA YAY
999
_c
684909
_d
684909